Normal view
MARC view
- Supervisor: Dr. Muhammad Kamran Khalid
Entry Personal Name
001 - CONTROL NUMBER
- control field: 120131
003 - CONTROL NUMBER IDENTIFIER
- control field: NUST
005 - DATE AND TIME OF LATEST TRANSACTION
- control field: 20240126162153.0
008 - FIXED-LENGTH DATA ELEMENTS
- fixed length control field: 240126|| aca||aabn | a|a d
040 ## - CATALOGING SOURCE
- Original cataloging agency: NUST
- Transcribing agency: NUST
100 ## - HEADING--PERSONAL NAME
- Personal name: Supervisor: Dr. Muhammad Kamran Khalid
670 ## - SOURCE DATA FOUND
- Source citation: Work cat.: (NUST): Majdy, Maham 120130, Global wheat supply chain, present issues and its effect on Pakistan's wheat market/
